Statistics for Rugby Sevens 2016 Rio Olympic Games

Click here to take the quiz!

General Stats

  • This quiz has been taken 86 times
  • The average score is 11 of 12

Answer Stats

HintAnswer% Correct
Top 4 in 2015/2016South Africa
100%
Top 4 in 2015/2016New Zealand
97%
South America winnerArgentina
95%
Oceania winnerAustralia
95%
North America winnerUSA
95%
HostBrazil
94%
Europe winnerFrance
92%
Asia winnerJapan
92%
Top 4 in 2015/2016Fiji
88%
Top 4 in 2015/2016Great Britain
74%
Final Qualification tournamentSpain
70%
Africa winnerKenya
68%

Score Distribution

Percentile by Number Answered

Percent of People with Each Score

Your Score History

You have not taken this quiz